<?xml version="1.0" encoding="UTF-8"?><?xml-stylesheet type="text/xsl" href="static/style.xsl"?><OAI-PMH xmlns="http://www.openarchives.org/OAI/2.0/" xmlns:xsi="http://www.w3.org/2001/XMLSchema-instance" xsi:schemaLocation="http://www.openarchives.org/OAI/2.0/ http://www.openarchives.org/OAI/2.0/OAI-PMH.xsd"><responseDate>2026-04-27T21:51:47Z</responseDate><request verb="GetRecord" identifier="oai:uvadoc.uva.es:10324/28347" metadataPrefix="marc">https://uvadoc.uva.es/oai/request</request><GetRecord><record><header><identifier>oai:uvadoc.uva.es:10324/28347</identifier><datestamp>2021-07-06T08:27:15Z</datestamp><setSpec>com_10324_28098</setSpec><setSpec>com_10324_5186</setSpec><setSpec>com_10324_29291</setSpec><setSpec>col_10324_28222</setSpec></header><metadata><record xmlns="http://www.loc.gov/MARC21/slim" xmlns:doc="http://www.lyncode.com/xoai" xmlns:xsi="http://www.w3.org/2001/XMLSchema-instance" xmlns:dcterms="http://purl.org/dc/terms/" xsi:schemaLocation="http://www.loc.gov/MARC21/slim http://www.loc.gov/standards/marcxml/schema/MARC21slim.xsd">
<leader>00925njm 22002777a 4500</leader>
<datafield tag="042" ind1=" " ind2=" ">
<subfield code="a">dc</subfield>
</datafield>
<datafield tag="720" ind1=" " ind2=" ">
<subfield code="a">Pérez, Rolando</subfield>
<subfield code="e">author</subfield>
</datafield>
<datafield tag="720" ind1=" " ind2=" ">
<subfield code="a">Benéitez Andrés, Rosa</subfield>
<subfield code="e">author</subfield>
</datafield>
<datafield tag="260" ind1=" " ind2=" ">
<subfield code="c">2012</subfield>
</datafield>
<datafield tag="520" ind1=" " ind2=" ">
<subfield code="a">Casado, Miguel. La palabra sabe y otros ensayos sobre poesía. Madrid: Libros de la resistencia, 2012.   Henseler, Christine. Spanish Fiction in the Digital Age: Generation X Remixed. Nueva York: Palgrave Mcmillan, 2011.    </subfield>
</datafield>
<datafield tag="024" ind2=" " ind1="8">
<subfield code="a">Siglo XXI. Literatura y Cultura Españolas; Núm. 9-10 (2012): Siglo XXI: Literatura y cultura españolas pags. 223-229</subfield>
</datafield>
<datafield tag="024" ind2=" " ind1="8">
<subfield code="a">2172-7457</subfield>
</datafield>
<datafield tag="024" ind2=" " ind1="8">
<subfield code="a">http://uvadoc.uva.es/handle/10324/28347</subfield>
</datafield>
<datafield tag="024" ind2=" " ind1="8">
<subfield code="a">223</subfield>
</datafield>
<datafield tag="024" ind2=" " ind1="8">
<subfield code="a">9-10</subfield>
</datafield>
<datafield tag="024" ind2=" " ind1="8">
<subfield code="a">229</subfield>
</datafield>
<datafield tag="245" ind1="0" ind2="0">
<subfield code="a">Reseñas</subfield>
</datafield>
</record></metadata></record></GetRecord></OAI-PMH>